[Event "2019 WA Closed Championship"]
[Site "Leeming, Perth WA"]
[Date "2019.07.07"]
[Round "7"]
[White "Boyd, Tristan"]
[Black "Rodriguez Talavera, Juan"]
[Result "1-0"]
[WhiteElo "2400"]
[BlackElo "2171"]
[EventDate "2019.05.26"]

1.e4 e5 2.Nf3 Nc6 3.Bb5 a6 4.Ba4 Nf6 5.O-O Be7 6.Re1 b5 7.Bb3 d6 8.c3 O-O 
9.h3 Bb7 10.d4 Re8 11.Ng5 Rf8 12.Nf3 Re8 13.Nbd2 Bf8 14.d5 Nb8 15.Nf1 Nbd7
16.N3h2 g6 17.Ng3 h6 18.a3 Bg7 19.Ba2 Kh7 20.c4 Qe7 21.cxb5 axb5 22.Bd2 
Reb8 23.Rc1 Ne8 24.Bb1 Bc8 25.Nf3 Ndf6 26.Bd3 Bf8 27.Qe2 Bd7 28.Bb4 Rb7 
29.Rc2 Ng7 30.Rec1 Qd8 31.Qe1 Rba7 32.Qf1 Rb7 33.Nd2 Ngh5 34.Nb3 Nf4 35.
Na5 Rba7 36.Nc6 Bxc6 37.Rxc6 Nxd3 38.Qxd3 Qb8 39.Ne2 h5 40.Qf3 Bg7 41.Bd2 
Kg8 42.Qd3 Ne8 43.Nc3 Rb7 44.Na2 Kh7 45.Qf3 Kg8 46.Nb4 Qd8 47.R6c3 Qh4 48.
Re1 Qe7 49.Rb3 Kh7 50.Nc6 Qd7 51.Qe2 Ra4 52.Qd3 f5 53.Rxb5 fxe4 54.Qb3 
Rxb5 55.Qxb5 Ra8 56.Rxe4 Nf6 57.Re1 Qf7 58.Nb4 Bh6 59.Bxh6 Kxh6 60.Re2 h4 
61.Qc6 Rf8 62.a4 Nh5 63.Qc1+ g5 64.Rc2 Nf4 65.Qd1 Rb8 66.Nc6 Rb3 67.Rd2 
Rb6 68.a5 Rb5 69.a6 Qe8 70.Qa4 Rxd5 71.a7 Qa8 72.Rc2 Rd1+ 73.Kh2 Nd5 74.
Qg4 Rd3 75.Qe6+ Kg7 76.Qf5 e4 77.Qxg5+ Kf7 78.Qh5+ Kg7 79.Qg4+ Kf7 80.Qxe4 1-0

[Event "2019 WA Closed Championship"]
[Site "Leeming, Perth WA"]
[Date "2019.07.07"]
[Round "7"]
[White "Hardegen, Kathryn"]
[Black "Kurniawan, Stephanus"]
[Result "0-1"]
[WhiteElo "2005"]
[BlackElo "2462"]
[EventDate "2019.05.26"]

1.e4 Nf6 2.e5 Nd5 3.d4 d6 4.c4 Nb6 5.exd6 exd6 6.Nc3 Be7 7.h3 O-O 8.Nf3 
Bf6 9.Be2 Re8 10.O-O Nc6 11.Be3 Bf5 12.Rc1 d5 13.b3 h6 14.Qd2 Be4 15.c5 
Nc8 16.Nh2 Bf5 17.Ng4 Bxg4 18.Bxg4 N8e7 19.Rfd1 Ng6 20.Ne2 a5 21.Nc3 Nce7 
22.Nb5 Nc6 23.Bf5 Nh4 24.Bg4 g5 25.a3 Na7 26.Nxa7 Rxa7 27.c6 b6 28.Qd3 Qd6
29.Bd7 Re4 30.f3 Qg3 31.Qf1 Rxe3 32.Kh1 Ra8 33.Rc2 Be7 34.Qg1 Bd6 35.a4 f5
36.Rf1 Rf8 37.Rb2 Rf7 0-1

[Event "2019 WA Closed Championship"]
[Site "Leeming, Perth WA"]
[Date "2019.07.06"]
[Round "7"]
[White "Elkington, Derek"]
[Black "Ferozkohi, Ihsan"]
[Result "0-1"]
[WhiteElo "2016"]
[BlackElo "2288"]
[EventDate "2019.05.26"]

1.e4 e6 2.d3 d5 3.Nd2 c5 4.Ngf3 Nc6 5.g3 Nf6 6.Bg2 Be7 7.O-O O-O 8.Re1 b5 
9.e5 Nd7 10.Nf1 f6 11.exf6 Bxf6 12.c4 bxc4 13.dxc4 Nb6 14.Ne3 dxc4 15.Qxd8
Nxd8 16.Nd2 Rb8 17.Ndxc4 Bd4 18.Na5 Na4 19.Re2 Ba6 20.Nec4 Rb4 21.Bf1 Bxc4
22.Nxc4 Rxc4 23.b3 Rxf2 24.Be3 Rxe2 25.Bxd4 Rxd4 26.Bxe2 Nc3 27.Bc4 Rd1+ 
28.Rxd1 Nxd1 29.a4 Kf7 30.Bd3 h6 31.Kg2 Kf6 32.Kf3 Nc6 33.Ke4 Nf2+ 0-1